000 00666nam a22002417a 4500
001 BD-DhSAU 5070
003 BD-DhSAU
005 20150411123351.0
008 150411b1994 bg |||||r|||| 001 0 eng d
020 _a9840801112
040 _aBD-DhSAU
082 _222
_a304.1412
_bCON
245 _aConverting water into wealth /
_cEdited by Q K Ahmad....[et al].
260 _aDhaka :
_bAcademic Pub. ,
_c1994.
300 _axii, 113 p. :
_bill. ;
_c22 cm.
504 _aIncludes references and index.
590 _aerfat
650 _aWater.
650 _aConverting into wealth.
700 _aAhmad, Q K
700 _aVerghese, B G
700 _aIyer, Ramaswamy R
942 _2ddc
_cBOOK
999 _c5070
_d5070